| 000 | 00383nam a22001577a 4500 | ||
|---|---|---|---|
| 003 | OSt | ||
| 008 | 250109b |||||||| |||| 00| 0 eng d | ||
| 041 | _aeng | ||
| 082 |
_a515.9 _bGOY/FU |
||
| 100 |
_aGoyal TK _96906 |
||
| 245 | _aFunctionals of Complex Variable | ||
| 250 | _aEnlarged ed. | ||
| 260 |
_aMeerut, _bPragati Prakashan, _c1984. |
||
| 700 |
_aGupta KP _96907 |
||
| 942 | _cBK | ||
| 999 |
_c19001 _d19001 |
||